[Event "Nova Maraba op 5th"]
[Site "Nova Maraba"]
[Date "2022.06.26"]
[Round "5"]
[White "Correa, Lorenna Martins"]
[Black "Tabosa, Louis Dostoievsky G"]
[Result "1-0"]
[WhiteElo "1641"]
[BlackElo "1764"]
[PlyCount "59"]
[EventDate "2022.06.24"]
[EventType "swiss"]
[EventRounds "6"]
[EventCountry "BRA"]
[SourceTitle "EXT 2023"]
[Source "ChessBase"]
[SourceDate "2022.10.05"]
[SourceVersion "1"]
[SourceVersionDate "2022.10.05"]
[SourceQuality "1"]

1. d4 Nf6 2. c4 e6 3. Nc3 Bb4 4. Nf3 d5 5. e3 c5 6. Bd3 dxc4 7. Bxc4 Ne4 8. Qc2 f5 9. 0-0 Bxc3 10. bxc3 0-0 11. a4 Nc6 12. Ba3 b6 13. Rfd1 Qf6 14. Rac1 Kh8 15. d5 Ne5 16. Nxe5 Qxe5 17. Bb2 Bb7 18. dxe6 Nd6 19. Ba2 c4 20. Ba3 Rfd8 21. Bxd6 Rxd6 22. Rxd6 Qxd6 23. Bxc4 Qc6 24. Bf1 Qxe6 25. Qd2 Qg6 26. Rd1 h6 27. Qd7 Be4 28. Rd6 Qg5 29. Qf7 Bc2 30. Rg6 1-0